Anthrax Songs - Sudden Death - Statistics

General Stats
  • This quiz has been taken 33 times
  • The average score is 5 of 9
Answers on the Grid
Answers color-coded by a green-red scale on the quiz's grid according to % correct below.
Antisocial
Battery
Be All, End All
Black Lodge
Condition Critical
The Conjuring
Desperate Cry
Duality
Efilnikufesin (N.F.L.)
Elysian Fields
Fight 'Em Til You Can't
Got the Time
The Heretic Anthem
Indians
Metal Thrashing Mad
Only
Piece By Piece
South of Heaven
Spreading the Disease
Whiplash
 
Answer Stats
Answer % Correct
Antisocial
73%
Be All, End All
67%
Got the Time
67%
Efilnikufesin (N.F.L.)
60%
Indians
60%
Metal Thrashing Mad
60%
Black Lodge
53%
Fight 'Em Til You Can't
53%
Only
53%
No matching quizzes found
Score Distribution
Percent of People with Each Score
Percentile by Number Answered
Your Score History
You have not taken this quiz